FIFA 22 TOP 200 PLAYERS - Statistics

General Stats
  • This quiz has been taken 3,035 times
  • The average score is 115 of 200
Answer Stats
Rating Position Club Footballer % Correct
91 ST Man United Cristiano Ronaldo
99%
93 RW PSG Lionel Messi
99%
91 ST PSG Kylian Mbappé
98%
91 LW PSG Neymar
98%
92 ST Bayern Munich Robert Lewandowski
98%
90 ST Spurs Harry Kane
97%
91 CM Man City Kevin De Bruyne
97%
89 RW Liverpool Mohamed Salah
96%
90 GK Bayern Munich Manuel Neuer
95%
91 GK Atlético Madrid Jan Oblak
94%
89 CF Real Madrid Karim Benzema
94%
90 GK Barcelona Marc-André ter Stegen
94%
90 CDM Chelsea N'Golo Kanté
94%
89 LM Spurs Son Heung-Min
94%
89 LW Liverpool Sadio Mané
93%
89 CB Liverpool Virgil Van Dijk
93%
89 GK Liverpool Alisson
91%
89 GK Man City Ederson
91%
88 ST Dortmund Erling Håland
91%
89 CDM Bayern Munich Joshua Kimmich
90%
89 GK Real Madrid Thibaut Courtois
90%
87 CM Real Madrid Luka Modrić
89%
88 CM Real Madrid Toni Kroos
89%
89 CDM Real Madrid Casemiro
88%
88 GK PSG Keylor Navas
88%
88 CAM Man United Bruno Fernandes
87%
89 GK PSG Gianluigi Donnarumma
86%
84 RB Sevilla Jesús Navas
86%
88 ST Chelsea Romelu Lukaku
86%
88 CB PSG Sergio Ramos
86%
87 CAM Bayern Munich Thomas Müller
85%
87 RB Liverpool Trent Alexander-Arnold
85%
87 LB Liverpool Andrew Robertson
84%
87 CB Man City Rúben Dias
84%
84 ST Leipzig André Silva
83%
85 CAM Real Sociedad David Silva
83%
88 ST Atlético Madrid Luis Suárez
83%
87 CB PSG Marquinhos
82%
88 LW Man City Raheem Sterling
82%
87 GK Spurs Hugo Lloris
81%
85 ST Atlético Madrid Antoine Griezmann
79%
87 CM Barcelona Frenkie De Jong
78%
87 CF Juventus Paulo Dybala
78%
87 CM Bayern Munich Leon Goretzka
77%
87 RW PSG Ángel Di María
76%
87 ST Lazio Ciro Immobile
76%
86 CDM Barcelona Sergio Busquets
75%
82 CM Dortmund Emre Can
74%
86 ST Leicester City Jamie Vardy
74%
85 RB Man City Kyle Walker
74%
87 CM Man United Paul Pogba
74%
86 CDM Liverpool Fabinho
73%
85 ST Inter Lautaro Martínez
73%
86 CB Dortmund Mats Hummels
73%
86 CB Man United Raphaël Varane
73%
86 CDM Man City Rodri
73%
87 RM Man United Jadon Sancho
72%
86 RW Man City Riyad Mahrez
72%
84 GK Aston Villa Emiliano Martínez
71%
86 RB Man City João Cancelo
71%
87 CM PSG Marco Verratti
71%
85 LM Man United Marcus Rashford
71%
86 CM Liverpool Thiago
71%
86 LB Barcelona Jordi Alba
70%
84 RM Bayern Munich Leroy Sané
70%
85 ST Arsenal Pierre-Emerick Aubameyang
70%
85 CAM Dortmund Marco Reus
69%
85 CF Liverpool Roberto Firmino
69%
85 RB PSG Achraf Hakimi
68%
86 LW Napoli Lorenzo Insigne
68%
84 CAM Man City Phil Foden
68%
86 CB Napoli Kalidou Koulibaly
66%
85 CM Atlético Madrid Koke
66%
85 CB Juventus Leonardo Bonucci
66%
86 CB Juventus Giorgio Chiellini
65%
84 CB Man United Harry Maguire
65%
85 CF Barcelona Memphis Depay
65%
85 RM Bayern Munich Serge Gnabry
65%
84 LW Man City Jack Grealish
64%
86 LM Bayern Munich Kingsley Coman
64%
84 LB Man United Luke Shaw
64%
86 GK Inter Samir Handanovič
64%
85 RB Real Madrid Dani Carvajal
63%
84 CAM Chelsea Kai Havertz
63%
87 ST Barcelona Sergio Agüero
63%
84 LB AC Milan Theo Hernández
63%
84 GK Man United David De Gea
62%
86 ST Villarreal Gerard Moreno
62%
86 CB Man City Aymeric Laporte
61%
84 CDM Liverpool Jordan Henderson
61%
84 CB Real Madrid David Alaba
60%
85 LW Real Madrid Eden Hazard
60%
83 GK Chelsea Édouard Mendy
60%
83 LB Real Madrid Ferland Mendy
60%
85 CM Chelsea Jorginho
60%
83 LB Bayern Munich Lucas Hernández
60%
85 CB Juventus Matthijs De Ligt
60%
86 CB Inter Milan Škriniar
60%
85 CM Lazio Sergej Milinković-Savić
60%
85 GK Mönchengladbach Yann Sommer
60%
85 CM Man City İlkay Gündoğan
59%
86 CM Villarreal Dani Parejo
58%
87 GK Juventus Wojciech Szczęsny
58%
85 ST Man United Edinson Cavani
57%
85 GK Leicester City Kasper Schmeichel
57%
83 CB Chelsea Antonio Rüdiger
56%
83 CB Man City John Stones
56%
84 ST Chelsea Timo Werner
56%
85 CAM Sevilla Alejandro Gómez
53%
84 CB Barcelona Gerard Piqué
53%
84 GK AC Milan Mike Maignan
53%
85 CDM Leicester City Wilfred Ndidi
53%
84 ST Monaco Wissam Ben Yedder
53%
86 CM Atlético Madrid Marcos Llorente
52%
84 ST AC Milan Zlatan Ibrahimović
52%
82 LB Bayern Munich Alphonso Davies
51%
84 CF Napoli Dries Mertens
51%
83 ST Man City Gabriel Jesus
51%
85 LW Real Sociedad Mikel Oyarzabal
51%
83 RW Barcelona Ousmane Dembélé
51%
84 ST Celta Vigo Iago Aspas
50%
83 CAM Chelsea Mason Mount
50%
84 CM Inter Nicolò Barella
50%
84 CB Atlético Madrid Stefan Savić
49%
83 GK Everton Jordan Pickford
48%
85 GK RB Leipzig Péter Gulácsi
48%
84 LW Ajax Dušan Tadić
47%
86 GK Wolfsburg Koen Casteels
47%
84 CAM Real Betis Nabil Fekir
47%
83 ST Juventus Álvaro Morata
46%
83 CF Atlético Madrid João Félix
46%
85 CB Inter Stefan De Vrij
46%
85 CB Chelsea Thiago Silva
46%
84 RW Chelsea Hakim Ziyech
45%
83 CB PSG Presnel Kimpembe
45%
86 CAM Man City Bernardo Silva
44%
83 GK Arsenal Bernd Leno
44%
83 CB Liverpool Joel Matip
44%
84 LB Sevilla Marcos Acuña
43%
83 CDM Man City Fernandinho
42%
84 CM PSG Georginio Wijnaldum
42%
84 CB Atlético Madrid José María Giménez
42%
84 LB Everton Lucas Digne
42%
84 RB Leicester City Ricardo Pereira
42%
84 LM Frankfurt Filip Kostić
41%
84 CDM Inter Marcelo Brozović
41%
84 CM Leicester City Youri Tielemans
41%
83 RB Man United Aaron Wan-bissaka
40%
83 LB Juventus Alex Sandro
40%
83 CM Real Madrid Federico Valverde
40%
84 LM Atlético Madrid Yannick Carrasco
40%
83 RW Juventus Federico Chiesa
39%
83 RW Real Madrid Marco Asensio
39%
83 ST PSG Mauro Icardi
39%
83 GK Burnley Nick Pope
39%
83 ST Atalanta Duván Zapata
38%
84 CDM AC Milan Franck Kessié
38%
84 LB Dortmund Raphaël Guerreiro
38%
84 CAM Lazio Luis Alberto
37%
84 RB Atlético Madrid Kieran Trippier
36%
83 CM Chelsea Mateo Kovačić
36%
83 RB Juventus Juan Cuadrado
35%
83 ST Wolves Raúl Jiménez
35%
83 CM Arsenal Thomas Partey
35%
83 CB Chelsea César Azpilicueta
33%
84 CF Atalanta Josip Iličić
33%
82 CM Atlético Madrid Rodrigo De Paul
33%
83 LM Atlético Madrid Thomas Lemar
32%
82 LB Man United Alex Telles
31%
83 LWB Leipzig Angeliño
31%
83 ST Inter Edin Džeko
31%
84 CB Mönchengladbach Matthias Ginter
31%
83 LB Valencia José Gayà
30%
83 RW LAFC Carlos Vela
29%
83 LWB Roma Leonardo Spinazzola
29%
83 CDM Spurs Pierre-Emile Højbjerg
29%
83 ST Atlético Madrid Ángel Correa
28%
83 CB Sevilla Jules Koundé
28%
83 CDM Dortmund Axel Witsel
27%
84 CDM Sevilla Fernando
27%
83 GK Bayer Leverkusen Lukáš Hrádecký
27%
84 CM Bayern Munich Marcel Sabitzer
27%
83 CM Real Sociedad Mikel Merino
27%
83 LW Sevilla Lucas Ocampos
26%
83 LM Atalanta Robin Gosens
26%
83 ST Hoffenheim Andrej Kramarić
25%
84 CB Atlético Madrid Felipe
25%
83 CB Lazio Francesco Acerbi
24%
83 CB AC Mlan Simon Kjær
23%
83 CDM Everton Allan
22%
83 ST Monaco Kevin Volland
21%
83 GK Villarreal Sergio Asenjo
21%
83 CAM Athletic Bilbao Iker Muniain
20%
83 CB Sporting CP Sebastián Coates
20%
83 CM Real Betis Sergio Canales
19%
83 ST Wolfsburg Wout Weghorst
19%
83 CM Juventus Arthur Melo
18%
83 CB Napoli Kostas Manolas
18%
83 CF Roma Henrikh Mkhitaryan
14%
83 CM Al-Ahli Paulinho
13%
No matching quizzes found
Score Distribution
Percent of People with Each Score
Percentile by Number Answered
Your Score History
You have not taken this quiz